=LDR 00000nam 2200000 4500 =001 INLIS000000000012970 =005 20140502170920.0 =006 =007 =008 Ind =035 ##$$a 0010-061300000012970 =041 ##$$a Ind =082 ##$$a 574.076 =090 ##$$a 574.076, Omp r =100 ##$$a Ompusunggu,Hasudungan =245 ##$$a Rangkuman materi biologi siap UAN-SPMB-USM PMBP-PTN untuk SMA, Hasudungan dan Pusungga,S.P =260 ##$$a 2004 $b Bandung =300 ##$$a 311 hlm, 29 cm =650 ##$$a Biologi - tes 2 evaluasi =850 ##$$a NBPNMAT =990 ##$$a 21195765/BPAP-NTB/2014 =990 ##$$a 20402215